00311nam a2200121Ia 4500008004100000100001700041245004500058260003700103300000900140650001600149942000700165999001700172190216s9999||||xx |||||||||||||| ||und|| aUspensky.J.V 0aIntroduction To Mathematical Probability bTata Mcgrawhill Publishersc1937 a411p aMathematics cBK c30534d30534